| 000 | 00867nam a2200277 a 4500 | ||
|---|---|---|---|
| 999 |
_c5438 _d5438 |
||
| 001 | 014619974 | ||
| 003 | Uk | ||
| 005 | 20250918095140.0 | ||
| 008 | 080519s2000 enka 000 1 eng | ||
| 020 | _a9780194789103 (pbk.) | ||
| 040 |
_aUk _beng _cUk _dKH8 |
||
| 042 | _aukblsr | ||
| 082 | 0 | 4 |
_a428.6 JAC _222 |
| 100 | 1 |
_aJacobs, William Wymark, _eauthor. |
|
| 245 | 1 | 4 |
_aThe monkey's paw / _cW. W. Jacobs ; retold by Diane Mowat. |
| 250 | _aSimplified ed., [2nd ed.]. | ||
| 260 |
_aOxford : _bOxford University Press, _c2000 _g(2008 printing) |
||
| 300 |
_a56 p. : _bill. ; _c20 cm. |
||
| 336 |
_atext _2rdacontent |
||
| 337 |
_aunmediated _2rdamedia |
||
| 338 |
_avolume _2rdacarrier |
||
| 490 | 1 | _aOxford bookworms library. Stage 1, Fantasy & horror | |
| 650 | 0 | _aReaders. | |
| 830 | 0 |
_aOxford bookworms library. _nStage 1, _pFantasy & horror |
|
| 942 |
_2ddc _cTR |
||